| 000 | 00773nam a2200253 i 4500 | ||
|---|---|---|---|
| 001 | 170770 | ||
| 003 | ES-MaACL | ||
| 005 | 20250815164346.0 | ||
| 008 | 090403s2000 fr |||| | fre d | ||
| 020 | _a2-7071-3195-4 | ||
| 080 | _a297 | ||
| 100 | 1 |
_aAlili, Rochdy. _9139738 |
|
| 245 | 1 | 0 |
_aQu'est-ce que l'islam ? / _cRochdy Alili. |
| 260 |
_aParis : _bLa Découverte, _c2000. |
||
| 300 |
_a373 p. ; _c19 cm. |
||
| 490 | 1 |
_aLa Découverte poche ; _v83. _aEssais |
|
| 500 | _aCronología. | ||
| 500 | _aÍndice. | ||
| 504 | _aBibliografía. | ||
| 650 | 7 |
_aIslamismo _2embne _913903 |
|
| 830 | 0 |
_aLa Découverte poche ; _v83. _aEssais _9223076 |
|
| 852 | 4 |
_aES-MaACL _jE-12538 _9R.140172 _z. - Biblioteca Jacinto Martínez Lacalle |
|
| 999 |
_c170770 _d170770 |
||